Regionálna politika v Európskej únii: hľadanie účelnosti

Účinnosť regionálnej politiky Európskej únie v jednotlivých členských štátoch Únie. Prístupy k regionálnej hospodárskej politike EÚ. Regionálne disparity v Európskej únii. Jeden z hlavných ukazovateľov, ktorý sa používa v EÚ na meranie disparity štátov a jednotlivých regiónov je hrubý domáci produkt...

Ausführliche Beschreibung

Gespeichert in:
Bibliographische Detailangaben
1. Verfasser: Ivaničková, Alžbeta
Weitere Verfasser: Vlčková, Viera
Format: Buchkapitel
Sprache:Slowakisch
Schlagworte:
Tags: Tag hinzufügen
Keine Tags, Fügen Sie das erste Tag hinzu!

MARC

LEADER 00000naa a2200000 4500
001 r025946
005 20230918075037.4
041 0 |a slo 
044 |a SK 
245 1 0 |a Regionálna politika v Európskej únii: hľadanie účelnosti  |c Alžbeta Ivaničková, Viera Vlčková 
520 |a Účinnosť regionálnej politiky Európskej únie v jednotlivých členských štátoch Únie. Prístupy k regionálnej hospodárskej politike EÚ. Regionálne disparity v Európskej únii. Jeden z hlavných ukazovateľov, ktorý sa používa v EÚ na meranie disparity štátov a jednotlivých regiónov je hrubý domáci produkt. Formovanie a pôsobenie regionálnej politiky v EÚ. Čerpanie štruktúrnych fondov EÚ. 
610 2 0 |a politika regionálna 
610 2 0 |a Európska únia 
610 2 0 |a rast hospodársky nerovnovážny 
610 2 0 |a pomoc finančná 
610 2 0 |a produkt domáci hrubý 
610 2 0 |a porovnanie medzinárodné 
610 2 0 |a regióny 
610 2 0 |a nezamestnanosť 
610 2 0 |a fondy štruktúrne 
100 1 |a Ivaničková, Alžbeta 
700 1 |a Vlčková, Viera